000 00812cam a22002411 4500
001 sa 66001447
003 DLC
005 20260227112222.0
008 890724s1965 ii 000 0 hino
010 _asa 66001447
035 _a(OCoLC)20062931
040 _aDLC
_cWaU
_dNRU
_dDLC
042 _apremarc
050 0 0 _aPK2095.S8
_bB58
100 1 _aŚarmā, Śrīnivāsa,
_d1933-
245 1 0 _aSūradāsa aura unakā Bhramaragīta;
_bSūra kāvya kī samīkshā tathā Bhramaragīta kī mūla sahita vyākhyā.
_cLekhaka Śrīnivāsa Śarmā.
250 _a[1. saṃskaraṇa]
260 _aDīllī, Aśoka Prakāśana
_c[1966, i.e. 1965]
300 _a544 p.
_c19 cm.
500 _aIn Hindi.
500 _aIncludes Sūradāsa's text of Bhramaragīta.
600 0 0 _aSūradāsa,
_d1483?-1563?
_tBhramaragīta.
999 _c67818
_d67818